000 00945nam a2200217 4500
005 20240530110447.0
008 150429s2009 ua co f 000 0 ara d
017 _a2009/14872
_bمصر . دار الكتب المصرية
020 _a9789774209660
040 _aEG-CaGPL
082 0 4 _221
_a916.216
_bق/ف د
100 0 _aفتحى حافظ الحديدى
245 1 0 _aدراسات فى التطور العمرانى لمدينة القاهرة :
_b1 - الميادين : 2 - كبارى نيل القاهرة : 3 - جيرة الزمالك /
_cفتحى حافظ الحديدى
260 _aالقاهرة :
_bالهيئة المصرية العامة للكتاب ،
_c2009 .
300 _a290 ص :
_bصور ؛
_c24 سم
651 0 4 _aالقاهرة
651 0 4 _aالقاهرة
_xالكبارى و الجسور
651 0 4 _aالقاهرة
_xاحياء و ضواحى
942 _2ddc
_cBK
999 _c61179
_d61179